Eye tracking in second language acquisition and bilingualism . A research synthesis and methodological guide.

Sábháilte in:
Sonraí bibleagrafaíochta
Príomhchruthaitheoir: Godfroid, Aline
Formáid: Anaithnid
Teanga:Béarla
Foilsithe / Cruthaithe: New York, USA. Routledge, 2020
Sraith:Second Language Acquisition Research Series
Ábhair:
Clibeanna: Cuir clib leis
Níl clibeanna ann, Bí ar an gcéad duine le clib a chur leis an taifead seo!

MARC

LEADER 00000 a2200000 4500
003 CL-VaPUC
005 20210930105102.0
008 210224b ||||| |||| 00| 0 eng d
999 |c 432448  |d 432446 
020 |a  978-1138024670 
040 |c Pontificia Universidad Católica de Valparaíso 
082 |a 418.0071 GOD 2020  |2 23 
100 |a Godfroid, Aline   |9 859148 
245 |a Eye tracking in second language acquisition and bilingualism .   |b A research synthesis and methodological guide. 
260 |a New York, USA.  |b Routledge,  |c 2020 
300 |a 439 páginas  
440 |a Second Language Acquisition Research Series  |9 859606 
583 |k Cristina Rojas  |c 20210224 
650 |a  Adquisición de un segundo idioma  |x Investigación   |9 859607 
650 |a Registro visual  |9 859608 
650 |a Artes del lenguaje y disciplinas   |9 859609 
852 |a BIBCUR 
942 |2 ddc  |c BK 
952 |0 0  |1 0  |2 ddc  |4 0  |6 418_007100000000000_GOD_2020  |7 0  |9 577550  |a BIBEDU  |b BIBEDU  |c ES_NOD  |d 2021-02-24  |e 1  |g 70439.00  |i 5582563  |l 1  |o 418.0071 GOD 2020  |p 5582563  |r 2024-04-02  |s 2024-03-19  |t 1  |v 70439.00  |w 2021-02-24  |y BK  |k LIT